|
|
|
|
| LEADER |
00000cam a2200000 7i4500 |
| 001 |
0000046444 |
| 005 |
20150329.0 |
| 008 |
29032015 |
| 020 |
|
|
|a 0060160918
|
| 020 |
|
|
|a 9780060160918
|
| 090 |
0 |
0 |
|a 808.066651
|b PIO
|
| 100 |
1 |
|
|a Piotrowski, Maryann V.
|
| 245 |
1 |
0 |
|a Re:Writing :
|b Strategies and suggestions for improving your business writing
|c Maryann V. Piotrowski
|
| 260 |
|
|
|a New York :
|b Harper & Row Publishers ,
|c 1989
|
| 650 |
|
0 |
|a Business writing
|
| 999 |
|
|
|a 0000351728
|b Book
|c Adult Collection
|e Cawangan Tmn. Ungku Tun Aminah
|
| 999 |
|
|
|a 0000351731
|b Book
|c Adult Collection
|e Cawangan Pontian
|
| 999 |
|
|
|a 0000351733
|b Book
|c Adult Collection
|e Cawangan Muar
|
| 999 |
|
|
|a 0000851731
|b Book
|c Adult Collection
|e Cawangan Pontian
|